<?xml version="1.0" encoding="UTF-8"?>
<record
    xmlns:xsi="http://www.w3.org/2001/XMLSchema-instance"
    xsi:schemaLocation="http://www.loc.gov/MARC21/slim http://www.loc.gov/standards/marcxml/schema/MARC21slim.xsd"
    xmlns="http://www.loc.gov/MARC21/slim">

  <leader>01185nam a2200253   4500</leader>
  <controlfield tag="001">113753</controlfield>
  <controlfield tag="003">DR-UNIBE</controlfield>
  <controlfield tag="005">20250613151953.0</controlfield>
  <controlfield tag="008">250613b2024    xxu||||| |||| 00| 0 eng d</controlfield>
  <datafield tag="020" ind1=" " ind2=" ">
    <subfield code="a">9781260463309</subfield>
  </datafield>
  <datafield tag="040" ind1=" " ind2=" ">
    <subfield code="a">BIBLIOTECA UNIBE</subfield>
    <subfield code="c">BIBLIOTECA UNIBE</subfield>
    <subfield code="b">spa</subfield>
    <subfield code="e">rda</subfield>
  </datafield>
  <datafield tag="041" ind1=" " ind2=" ">
    <subfield code="a">eng</subfield>
  </datafield>
  <datafield tag="082" ind1=" " ind2=" ">
    <subfield code="a">615  K19b 2024</subfield>
  </datafield>
  <datafield tag="245" ind1="1" ind2="0">
    <subfield code="a">Katzung's Basic &amp; clinical pharmacology </subfield>
  </datafield>
  <datafield tag="250" ind1=" " ind2=" ">
    <subfield code="a">Decimosexta edici&#xF3;n</subfield>
  </datafield>
  <datafield tag="260" ind1=" " ind2=" ">
    <subfield code="a"> New York :</subfield>
    <subfield code="b">McGraw Hill,</subfield>
    <subfield code="c"> 2024</subfield>
  </datafield>
  <datafield tag="300" ind1=" " ind2=" ">
    <subfield code="a">xiii, 1347 p&#xE1;ginas :</subfield>
    <subfield code="b">ilustraciones, tablas</subfield>
  </datafield>
  <datafield tag="490" ind1=" " ind2=" ">
    <subfield code="a">Cambridge medicine</subfield>
  </datafield>
  <datafield tag="505" ind1=" " ind2=" ">
    <subfield code="a">SECTION I.  BASIC PRINCIPLES  |
 SECTION II.  AUTONOMIC DRUGS  |
 SECTION III.  CARDIOVASCULAR-RENAL DRUGS  |
 SECTION IV.  DRUGS WITH IMPORTANT ACTIONS ON SMOOTH MUSCLE  |
 SECTION V.  DRUGS THAT ACT IN THE CENTRAL NERVOUS SYSTEM  |
 SECTION VI.  DRUGS USED TO TREAT DISEASES OF THE BLOOD, INFLAMMATION, &amp; GOUT  |
SECTION VII.  ENDOCRINE DRUGS  |
SECTION VIII.  CHEMOTHERAPEUTIC DRUGS  |
SECTION IX.  TOXICOLOGY  |
SECTION X.  SPECIAL TOPICS  |
</subfield>
  </datafield>
  <datafield tag="650" ind1=" " ind2="7">
    <subfield code="a">Psicofarmacolog&#xED;a </subfield>
    <subfield code="2">lemb</subfield>
  </datafield>
  <datafield tag="650" ind1=" " ind2="7">
    <subfield code="a">Medicamentos</subfield>
    <subfield code="2">lemb</subfield>
  </datafield>
  <datafield tag="700" ind1="1" ind2=" ">
    <subfield code="a">Vanderah, Todd W. </subfield>
    <subfield code="e">editor</subfield>
    <subfield code="9">196400</subfield>
  </datafield>
  <datafield tag="942" ind1=" " ind2=" ">
    <subfield code="2">ddc</subfield>
    <subfield code="c">BK</subfield>
  </datafield>
  <datafield tag="999" ind1=" " ind2=" ">
    <subfield code="c">113753</subfield>
    <subfield code="d">113753</subfield>
  </datafield>
  <datafield tag="952" ind1=" " ind2=" ">
    <subfield code="0">0</subfield>
    <subfield code="1">0</subfield>
    <subfield code="2">ddc</subfield>
    <subfield code="7">0</subfield>
    <subfield code="8">RES</subfield>
    <subfield code="a">Principal</subfield>
    <subfield code="c">NEW</subfield>
    <subfield code="d">2025-06-13</subfield>
    <subfield code="l">0</subfield>
    <subfield code="o">615  K19b 2024</subfield>
    <subfield code="p">250708</subfield>
    <subfield code="r">2025-06-13 15:02:47</subfield>
    <subfield code="t">Ej. 1</subfield>
    <subfield code="w">2025-06-13</subfield>
    <subfield code="y">BK-RES</subfield>
  </datafield>
</record>
